| 000 | 00414nam a2200169Ia 4500 | ||
|---|---|---|---|
| 003 | LK-CoDNM | ||
| 005 | 20240827092635.0 | ||
| 008 | 010623t1934 xxu||||| |||| 00| 1 eng d | ||
| 040 |
_aLK-CoDNM _dLK-CoDNM _eLK-CoDNM |
||
| 041 | _aeng | ||
| 080 |
_a22 _bN1 |
||
| 100 | _aJayaswal, K.P. | ||
| 245 | 3 | _aAn Imperial History of India | |
| 260 |
_bMotilal Banarsi dass _c1934 |
||
| 300 | _b170p. : 26 cm | ||
| 942 | _cBK | ||
| 999 |
_c97029 _d97029 |
||